Furniture by Picture - Statistics

General Stats
  • This quiz has been taken 109 times
  • The average score is 7 of 8
Answer Stats
Picture Answer % Correct
Bed
99%
Chair
98%
Couch
97%
Table
95%
Desk
85%
Bookshelf
75%
Wardrobe
74%
Drawers
69%
No matching quizzes found
Score Distribution
Percent of People with Each Score
Percentile by Number Answered
Your Score History
You have not taken this quiz